000 00798nam a22002057a 4500
005 20240813102258.0
010 _aHIN-128157
020 _a9789380226149
_c260.00
035 _aHN-100503
037 _bDBAD
082 _a
100 _aव्यास ,राजशेखर
_969884
245 _aमाँ तथा अन्य कहानियाँ/
_cराजशेखर व्यास
250 _a1
260 _a नई दिल्ली
_bहिन्दी बुक सेंटर
_c2021
270 _a4/5 बी आसफ अली रोड
_bनई दिल्ली
_e110002
_mwww.hindibook.com
300 _a166पृ.
_c22 सेमी (सजिल्द)
700 _aव्यास ,राजशेखर
_969863
942 _cHN
_2ddc
_h
_mव्यास
999 _c204993
_d204993